[Event "BCF-chT4S 1920 (4NCL)"]
[Site "England"]
[Date "2020.02.08"]
[Round "5.25"]
[White "Cox, Lucian"]
[Black "Fowler, David W"]
[Result "0-1"]
[WhiteElo "1525"]
[BlackElo "1964"]
[PlyCount "114"]
[EventDate "2019.11.09"]
[EventType "team-swiss"]
[EventRounds "11"]
[EventCountry "ENG"]
[SourceTitle "EXT 2022"]
[Source "ChessBase"]
[SourceDate "2021.10.06"]
[SourceVersion "1"]
[SourceVersionDate "2021.10.06"]
[SourceQuality "1"]
[WhiteTeam "MK Phoenix II"]
[BlackTeam "CSC II"]
[WhiteTeamCountry "ENG"]
[BlackTeamCountry "ENG"]

1. e4 d5 2. exd5 Qxd5 3. Nc3 Qd6 4. d4 Nf6 5. Bc4 a6 6. Nf3 Bg4 7. Be3 e6 8. 0-0 Be7 9. h3 Bh5 10. Qe2 Nc6 11. Rad1 0-0 12. d5 Bxf3 13. Qxf3 Ne5 14. Qe2 Nxc4 15. Qxc4 b5 16. Qb3 exd5 17. Nxd5 Nxd5 18. Rxd5 Qe6 19. Qd3 c6 20. Rd4 Rad8 21. Rd1 Rxd4 22. Qxd4 h5 23. Rd3 Rd8 24. Qc3 Rxd3 25. Qxd3 Qxa2 26. Qd7 Qe6 27. Qb7 c5 28. Qc7 c4 29. Qa7 Bf6 30. Bb6 Qe1+ 31. Kh2 Be5+ 32. g3 h4 33. Qxa6 hxg3+ 34. Kg2 Qe4+ 35. Kg1 Qc6 36. Qa7 gxf2+ 37. Bxf2 Qg6+ 38. Kh1 Qxc2 39. Qa8+ Kh7 40. Qf3 Qc1+ 41. Kg2 Qf4 42. Bg3 Qxg3+ 43. Qxg3 Bxg3 44. Kxg3 b4 45. Kf3 c3 46. bxc3 b3 47. c4 b2 48. c5 b1Q 49. c6 Qh1+ 50. Kg3 Qxc6 51. h4 Qe4 52. Kh3 Kg6 53. Kg3 Kf5 54. Kh3 Qg4+ 55. Kh2 Kf4 56. Kh1 Kf3 57. h5 Qg2# 0-1

[Event "BCF-chT4S 1920 (4NCL)"]
[Site "England"]
[Date "2020.01.11"]
[Round "3.34"]
[White "Fowler, David W"]
[Black "Chong, Kimberly"]
[Result "0-1"]
[WhiteElo "1964"]
[BlackElo "1777"]
[PlyCount "92"]
[EventDate "2019.11.09"]
[EventType "team-swiss"]
[EventRounds "11"]
[EventCountry "ENG"]
[SourceTitle "EXT 2022"]
[Source "ChessBase"]
[SourceDate "2021.10.06"]
[SourceVersion "1"]
[SourceVersionDate "2021.10.06"]
[SourceQuality "1"]
[WhiteTeam "CSC II"]
[BlackTeam "Fischer's Catch"]
[WhiteTeamCountry "ENG"]
[BlackTeamCountry "WLS"]

1. d4 Nf6 2. Nc3 d5 3. Bg5 e6 4. e4 dxe4 5. Nxe4 Be7 6. Bxf6 Bxf6 7. c3 Nd7 8. Bd3 b6 9. Qf3 Rb8 10. Nxf6+ Qxf6 11. Qxf6 Nxf6 12. Bb5+ Nd7 13. Nf3 0-0 14. 0-0-0 a6 15. Bxd7 Bxd7 16. Ne5 Be8 17. Rhe1 f6 18. Nf3 Bf7 19. b4 a5 20. a3 axb4 21. axb4 Ra8 22. Kb2 e5 23. Ra1 Rxa1 24. Rxa1 e4 25. Nd2 f5 26. Ra7 Rc8 27. h4 Kf8 28. g3 h6 29. c4 Ke7 30. Kc3 Kd6 31. Nf1 g5 32. c5+ Kc6 33. hxg5 hxg5 34. Ne3 f4 35. gxf4 gxf4 36. Ng4 Kb5 37. Ne5 Be6 38. Ng6 e3 39. Nxf4 exf2 40. Ra1 Bc4 41. Nd3 Rf8 42. Rf1 Rf3 43. Rxf2 Rxd3+ 44. Kc2 Rxd4 45. cxb6 cxb6 46. Rf6 Rd3 0-1

[Event "BCF-chT4S 1920 (4NCL)"]
[Site "England"]
[Date "2019.11.10"]
[Round "2.64"]
[White "Fernando, Manel"]
[Black "Fowler, David W"]
[Result "0-1"]
[WhiteElo "1479"]
[BlackElo "1964"]
[PlyCount "90"]
[EventDate "2019.11.09"]
[EventType "team-swiss"]
[EventRounds "11"]
[EventCountry "ENG"]
[SourceTitle "EXT 2022"]
[Source "ChessBase"]
[SourceDate "2021.10.06"]
[SourceVersion "1"]
[SourceVersionDate "2021.10.06"]
[SourceQuality "1"]
[WhiteTeam "The Pitstop"]
[BlackTeam "CSC II"]
[WhiteTeamCountry "ENG"]
[BlackTeamCountry "ENG"]

1. d4 d5 2. Nf3 Nf6 3. Bf4 e6 4. Nbd2 c5 5. e3 Be7 6. c3 0-0 7. Bd3 b6 8. e4 dxe4 9. Nxe4 Bb7 10. Qe2 Nxe4 11. Bxe4 Bxe4 12. Qxe4 Nd7 13. 0-0 cxd4 14. Nxd4 Nc5 15. Qe2 Qd5 16. Rfd1 Rfd8 17. Be3 Qe4 18. Rd2 Rd7 19. Rad1 Rad8 20. f3 Qb7 21. Qf2 g6 22. Qg3 Bf6 23. Bg5 Bxg5 24. Qxg5 Rd5 25. Qe3 e5 26. Nb5 a6 27. Na3 e4 28. b4 Rxd2 29. Rxd2 Rxd2 30. Qxd2 Nd3 31. fxe4 Qxe4 32. Nc2 b5 33. h3 h5 34. Ne3 f5 35. a3 Kg7 36. Nf1 f4 37. Qd1 Ne1 38. Qd7+ Kh6 39. Qd2 Nd3 40. Kh2 g5 41. Qd1 Kg6 42. Qb3 Kg7 43. Qc2 g4 44. hxg4 hxg4 45. Nd2 g3+ 0-1

[Event "Hastings Masters op 94th"]
[Site "Hastings"]
[Date "2018.12.30"]
[Round "3"]
[White "Fowler, David W"]
[Black "Butt, Laurence"]
[Result "1-0"]
[WhiteElo "1929"]
[BlackElo "1635"]
[PlyCount "81"]
[EventDate "2018.12.28"]
[EventType "swiss"]
[EventRounds "10"]
[EventCountry "ENG"]
[SourceTitle "CBM 188 Extra"]
[Source "ChessBase"]
[SourceDate "2019.02.28"]
[SourceVersion "1"]
[SourceVersionDate "2019.02.28"]
[SourceQuality "1"]

1. d4 e6 2. e4 d5 3. Nc3 Bb4 4. a3 Bxc3+ 5. bxc3 dxe4 6. Qg4 Kf8 7. Qxe4 Nf6 8. Qh4 Nbd7 9. Nf3 b6 10. Ne5 Bb7 11. Bg5 Ke7 12. Bb5 c6 13. Bxc6 Qc7 14. Bxb7 Qxb7 15. 0-0 h6 16. Bc1 g5 17. Qh3 Nxe5 18. dxe5 Nd7 19. Re1 Rac8 20. a4 Qc6 21. Ba3+ Nc5 22. Red1 Rcd8 23. Rd4 Qc7 24. f4 Rd5 25. Rxd5 exd5 26. Qf5 Qc6 27. fxg5 hxg5 28. Qxg5+ Ke8 29. Re1 Qe6 30. Bxc5 bxc5 31. Rb1 Qc8 32. Qf6 Rg8 33. e6 fxe6 34. Re1 Kd7 35. Qxe6+ Kc7 36. Qf7+ Kd6 37. Qf6+ Kc7 38. Re7+ Kb8 39. Qd6+ Ka8 40. Qxd5+ Kb8 41. Rb7+ 1-0

[Event "Hastings Masters op 94th"]
[Site "Hastings"]
[Date "2018.12.29"]
[Round "2"]
[White "Groffen, Hans"]
[Black "Fowler, David W"]
[Result "1-0"]
[WhiteElo "2121"]
[BlackElo "1929"]
[PlyCount "45"]
[EventDate "2018.12.28"]
[EventType "swiss"]
[EventRounds "10"]
[EventCountry "ENG"]
[SourceTitle "CBM 188 Extra"]
[Source "ChessBase"]
[SourceDate "2019.02.28"]
[SourceVersion "1"]
[SourceVersionDate "2019.02.28"]
[SourceQuality "1"]

1. d4 d5 2. c4 e6 3. Nc3 Nf6 4. cxd5 exd5 5. Bg5 c6 6. e3 h6 7. Bh4 Bf5 8. Qf3 Bh7 9. Bxf6 Qxf6 10. Qxf6 gxf6 11. Nge2 Bd6 12. Ng3 Nd7 13. 0-0-0 0-0-0 14. Bd3 Bxd3 15. Rxd3 Rhg8 16. Nf5 Nb6 17. Nxh6 Rxg2 18. Nxf7 Rd7 19. Nxd6+ Rxd6 20. Rd2 Nc4 21. Rc2 Re6 22. b3 Nd6 23. Nxd5 1-0

[Event "Hastings Masters op 93rd"]
[Site "Hastings"]
[Date "2018.01.04"]
[Round "8"]
[White "Fowler, David W"]
[Black "Lalla, Karol"]
[Result "1-0"]
[WhiteElo "1904"]
[BlackElo "1600"]
[PlyCount "77"]
[EventDate "2017.12.28"]
[EventType "swiss"]
[EventRounds "9"]
[EventCountry "ENG"]
[SourceTitle "CBM 182 Extra"]
[Source "ChessBase"]
[SourceDate "2018.02.23"]
[SourceVersion "1"]
[SourceVersionDate "2018.02.23"]
[SourceQuality "1"]

1. d4 d5 2. c4 e6 3. Nc3 Nf6 4. cxd5 exd5 5. Bg5 Be7 6. Qc2 c6 7. e3 0-0 8. Bd3 h6 9. Bh4 b6 10. Nf3 Ba6 11. Ne5 Bxd3 12. Qxd3 Ne4 13. Bxe7 Qxe7 14. 0-0 Rc8 15. Nxe4 dxe4 16. Qxe4 f6 17. Qg4 Na6 18. Ng6 Qf7 19. Rfc1 Rc7 20. Nh4 c5 21. Nf5 Kh7 22. Qe4 Re8 23. Qb1 Qg6 24. Nd6 Qxb1 25. Raxb1 Re6 26. Nb5 Rd7 27. a3 Re8 28. Rc2 Red8 29. g4 g5 30. Rbc1 Kg6 31. Rc4 Re8 32. Ra4 cxd4 33. exd4 Re2 34. Rxa6 Rxb2 35. Rxa7 Rd5 36. Rcc7 f5 37. Rg7+ Kf6 38. Raf7+ Ke6 39. Nc7+ 1-0

[Event "Hastings Masters op 93rd"]
[Site "Hastings"]
[Date "2018.01.01"]
[Round "5"]
[White "Graham, David Bruce"]
[Black "Fowler, David W"]
[Result "1-0"]
[WhiteElo "2204"]
[BlackElo "1904"]
[PlyCount "49"]
[EventDate "2017.12.28"]
[EventType "swiss"]
[EventRounds "9"]
[EventCountry "ENG"]
[SourceTitle "CBM 182 Extra"]
[Source "ChessBase"]
[SourceDate "2018.02.23"]
[SourceVersion "1"]
[SourceVersionDate "2018.02.23"]
[SourceQuality "1"]

1. e4 d5 2. exd5 Qxd5 3. Nc3 Qd6 4. Bc4 Nf6 5. d3 c6 6. Nge2 Bf5 7. Bf4 Qd8 8. Ng3 Bg6 9. h4 h6 10. h5 Bh7 11. Qf3 e6 12. 0-0-0 Be7 13. Nge4 Nd5 14. Be5 Rg8 15. Bxd5 cxd5 16. Nb5 dxe4 17. dxe4 Qa5 18. Nc7+ Kf8 19. Nxe6+ Ke8 20. Nc7+ Kf8 21. Qc3 Qxa2 22. Nxa8 Nc6 23. Rhe1 Qe6 24. Bg3 Qa2 25. Nc7 1-0

[Event "BCF-chT4S 1617 (4NCL)"]
[Site "England"]
[Date "2017.04.29"]
[Round "9.52"]
[White "Fowler, David W"]
[Black "Pink, Joshua"]
[Result "1-0"]
[WhiteElo "1897"]
[BlackElo "2005"]
[PlyCount "85"]
[EventDate "2016.11.26"]
[EventType "team-swiss"]
[EventRounds "11"]
[EventCountry "ENG"]
[SourceTitle "EXT 2019"]
[Source "ChessBase"]
[SourceDate "2018.10.10"]
[SourceVersion "1"]
[SourceVersionDate "2018.10.10"]
[SourceQuality "1"]
[WhiteTeam "CSC Rhinos"]
[BlackTeam "Throw in the Tal"]
[WhiteTeamCountry "ENG"]
[BlackTeamCountry "ENG"]

1. e4 d6 2. d4 f5 3. Nc3 Nf6 4. Bd3 Nc6 5. Nf3 fxe4 6. Nxe4 Nxe4 7. Bxe4 d5 8. Bd3 g6 9. h3 Bg7 10. 0-0 0-0 11. c3 Qd6 12. Re1 Bf5 13. Bg5 e5 14. Nxe5 Nxe5 15. dxe5 Bxe5 16. Bh6 Bg7 17. Bxg7 Kxg7 18. Bxf5 Rxf5 19. Qd4+ Kg8 20. Rad1 Qb6 21. Re7 Qxd4 22. Rxd4 Rf7 23. Rxf7 Kxf7 24. Rxd5 Ke6 25. Rd4 Rf8 26. f3 Rf5 27. Re4+ Kd6 28. Kf2 a5 29. Rh4 Rb5 30. b3 h5 31. Ke3 Rc5 32. c4 Rg5 33. g4 Re5+ 34. Kd3 Ke6 35. f4 Rc5 36. Kd4 b6 37. f5+ gxf5 38. Rxh5 fxg4 39. hxg4 Rxh5 40. gxh5 c6 41. c5 b5 42. h6 Kf6 43. h7 1-0

[Event "BCF-chT4S 1617 (4NCL)"]
[Site "England"]
[Date "2016.11.27"]
[Round "2.101"]
[White "Fowler, David W"]
[Black "Ng, Chung Lok Andrew"]
[Result "1/2-1/2"]
[WhiteElo "1897"]
[BlackElo "1930"]
[PlyCount "89"]
[EventDate "2016.11.26"]
[EventType "team-swiss"]
[EventRounds "11"]
[EventCountry "ENG"]
[SourceTitle "EXT 2019"]
[Source "ChessBase"]
[SourceDate "2018.10.10"]
[SourceVersion "1"]
[SourceVersionDate "2018.10.10"]
[SourceQuality "1"]
[WhiteTeam "CSC Hippos"]
[BlackTeam "Wood Green II"]
[WhiteTeamCountry "ENG"]
[BlackTeamCountry "ENG"]

1. d4 Nf6 2. c4 c5 3. d5 e6 4. Nc3 exd5 5. cxd5 d6 6. e4 g6 7. Bd3 Bg7 8. h3 0-0 9. Nf3 Na6 10. Bxa6 bxa6 11. 0-0 Re8 12. Re1 Nd7 13. Bf4 Qc7 14. Qc2 Rb8 15. Rac1 a5 16. Na4 Ba6 17. b3 Bb5 18. Nb2 Bxb2 19. Qxb2 f6 20. Qc2 Ne5 21. Bxe5 fxe5 22. Ng5 Qe7 23. h4 h6 24. Nf3 a4 25. Qd2 Kg7 26. Rc3 Ba6 27. Qe3 Rb4 28. g3 Reb8 29. Nd2 Rd4 30. Nc4 axb3 31. axb3 Bxc4 32. Rxc4 Rb4 33. Rxb4 Rxb4 34. Ra1 g5 35. hxg5 hxg5 36. Ra6 Rb6 37. Ra4 Rb4 38. Rxb4 cxb4 39. Qd2 a5 40. Qe3 Qd8 41. Qa7+ Kg6 42. Qa6 Kg7 43. Qc6 Kf6 44. Kf1 Ke7 45. Qc1 1/2-1/2

[Event "Hampshire op"]
[Site "Eastleigh"]
[Date "2016.11.05"]
[Round "4"]
[White "Stimpson, Philip M"]
[Black "Fowler, David W"]
[Result "1/2-1/2"]
[WhiteElo "1935"]
[BlackElo "1891"]
[PlyCount "73"]
[EventDate "2016.11.04"]
[EventType "swiss"]
[EventRounds "6"]
[EventCountry "ENG"]
[SourceTitle "CBM 175 Extra"]
[Source "ChessBase"]
[SourceDate "2016.12.12"]
[SourceVersion "1"]
[SourceVersionDate "2016.12.12"]
[SourceQuality "1"]

1. e4 c6 2. d4 d5 3. exd5 cxd5 4. c4 Nf6 5. Nc3 e6 6. Nf3 Be7 7. cxd5 Nxd5 8. Bd3 0-0 9. 0-0 b6 10. Re1 Bb7 11. Ne5 Nxc3 12. bxc3 Nd7 13. Qc2 Nf6 14. Bg5 h6 15. Bxf6 Bxf6 16. Be4 Bxe4 17. Qxe4 Bxe5 18. Qxe5 Rc8 19. Re3 Qc7 20. f4 Qxe5 21. fxe5 Rfd8 22. Kf2 Rc4 23. Ke2 Rdc8 24. Kd2 b5 25. a3 Ra4 26. Rd3 Rcc4 27. Rb1 a6 28. Rb3 Kf8 29. Kc2 h5 30. Kb2 Ke8 31. Rb4 Ra5 32. g4 hxg4 33. Rg3 Ra4 34. Rxg4 g6 35. Rh4 Raxb4+ 36. axb4 Rc6 37. Rh8+ 1/2-1/2

[Event "BCF-chT3Sd 1516 (4NCL)"]
[Site "England"]
[Date "2016.05.01"]
[Round "10.98"]
[White "Ralphs, Nigel"]
[Black "Fowler, David W"]
[Result "1/2-1/2"]
[WhiteElo "2001"]
[BlackElo "1897"]
[PlyCount "82"]
[EventDate "2016.03.20"]
[EventType "team-swiss"]
[EventRounds "11"]
[EventCountry "ENG"]
[SourceTitle "EXT 2017"]
[Source "ChessBase"]
[SourceDate "2016.10.25"]
[SourceVersion "1"]
[SourceVersionDate "2016.10.25"]
[SourceQuality "1"]
[WhiteTeam "Rhyfelwyr Essyllwg"]
[BlackTeam "CSC Rhinos II"]
[WhiteTeamCountry "ENG"]
[BlackTeamCountry "ENG"]

1. e4 c6 2. d4 d5 3. e5 Bf5 4. Nf3 e6 5. Be2 Nd7 6. 0-0 Bg6 7. a4 Nh6 8. a5 a6 9. c4 Bxb1 10. Bxh6 Be4 11. Bg5 f6 12. exf6 gxf6 13. Bf4 Be7 14. Qb3 Ra7 15. Nd2 Bg6 16. Bg4 Bf7 17. cxd5 exd5 18. Rfe1 0-0 19. Qh3 b5 20. Bf5 Bg6 21. Bxg6 hxg6 22. Qh6 Rf7 23. Qxg6+ Rg7 24. Qf5 Nf8 25. Nb3 Qd7 26. Qxd7 Rxd7 27. Rac1 Bd6 28. Bxd6 Rxd6 29. Re8 Kf7 30. Ra8 Rg4 31. f3 Rf4 32. Rxa6 Ne6 33. Ra7+ Kg6 34. Rd1 c5 35. dxc5 Rc6 36. Rxd5 Rb4 37. Rd3 Nf4 38. Re3 Nd5 39. Rd3 Nf4 40. Re3 Nd5 41. Rd3 Nf4 1/2-1/2

[Event "BCF-chT3Sd 1516 (4NCL)"]
[Site "England"]
[Date "2016.04.30"]
[Round "9.99"]
[White "Fowler, David W"]
[Black "Dickinson, Timothy R"]
[Result "1/2-1/2"]
[WhiteElo "1897"]
[BlackElo "2108"]
[PlyCount "95"]
[EventDate "2016.03.20"]
[EventType "team-swiss"]
[EventRounds "11"]
[EventCountry "ENG"]
[SourceTitle "EXT 2017"]
[Source "ChessBase"]
[SourceDate "2016.10.25"]
[SourceVersion "1"]
[SourceVersionDate "2016.10.25"]
[SourceQuality "1"]
[WhiteTeam "CSC Rhinos II"]
[BlackTeam "Oxford II"]
[WhiteTeamCountry "ENG"]
[BlackTeamCountry "ENG"]

1. d4 e6 2. c4 Nf6 3. Nc3 Bb4 4. e3 0-0 5. Nge2 c5 6. a3 Bxc3+ 7. Nxc3 cxd4 8. exd4 d5 9. c5 Ne4 10. Nxe4 dxe4 11. Bc4 Nc6 12. Be3 Ne7 13. b4 Bd7 14. 0-0 Nd5 15. b5 f5 16. Qb3 Be8 17. g3 Bh5 18. Bxd5 exd5 19. Bf4 Be2 20. Rfc1 Qd7 21. c6 bxc6 22. bxc6 Qe6 23. c7 Bc4 24. Rxc4 dxc4 25. Qb7 Rac8 26. Rc1 h6 27. d5 Qd7 28. d6 g5 29. Be5 Kf7 30. Qd5+ Qe6 31. Qc5 Rfe8 32. Rxc4 Qxe5 33. Qxe5 Rxe5 34. d7 Ree8 35. g4 fxg4 36. Rxe4 Red8 37. dxc8Q Rxc8 38. Rc4 Ke6 39. Kg2 Kd5 40. Rc1 h5 41. f3 gxf3+ 42. Kxf3 a5 43. a4 Rf8+ 44. Ke3 Re8+ 45. Kd3 Rc8 46. Rc2 g4 47. Ke3 h4 48. Kf4 1/2-1/2

[Event "BCF-chT3S 1415 (4NCL)"]
[Site "England"]
[Date "2015.02.15"]
[Round "6.218"]
[White "Fenwick, Hugh"]
[Black "Fowler, David W"]
[Result "0-1"]
[WhiteElo "1887"]
[BlackElo "1863"]
[PlyCount "140"]
[EventDate "2014.11.15"]
[EventType "team-swiss"]
[EventRounds "6"]
[EventCountry "ENG"]
[SourceTitle "EXT 2016"]
[Source "ChessBase"]
[SourceDate "2015.10.08"]
[SourceVersion "1"]
[SourceVersionDate "2015.10.08"]
[SourceQuality "1"]
[WhiteTeam "Surbiton II"]
[BlackTeam "BCM Rhinos II"]
[WhiteTeamCountry "ENG"]
[BlackTeamCountry "ENG"]

1. e4 c6 2. d4 d5 3. e5 Bf5 4. Nf3 e6 5. Be2 Nd7 6. c4 dxc4 7. Bxc4 Nb6 8. Bb3 Bg4 9. Be3 Ne7 10. 0-0 Nf5 11. Nbd2 Nd5 12. Qe2 Be7 13. h3 Bxf3 14. Nxf3 0-0 15. Bc2 Nfxe3 16. fxe3 Qb6 17. a3 c5 18. Qd3 g6 19. Kh1 cxd4 20. exd4 Rac8 21. Rab1 Nf4 22. Qd2 Nh5 23. Rfd1 Rc7 24. Bd3 Rd8 25. Qe1 Rcd7 26. Bc4 Rxd4 27. Nxd4 Rxd4 28. Qc3 Rxd1+ 29. Rxd1 Qf2 30. Qd2 Qf5 31. Qd4 Qg5 32. g4 Nf4 33. Bf1 Qh6 34. Kh2 Nd5 35. Bg2 Nf4 36. Rf1 Bg5 37. Qxa7 Ne2 38. Qb8+ Kg7 39. Rf3 Bf4+ 40. Kh1 Qh4 41. Bf1 Ng3+ 42. Kg2 g5 43. Qxb7 h5 44. Qb3 Ne4 45. Rxf4 gxf4 46. Qf3 Ng5 47. Qxf4 Qxh3+ 48. Kg1 Qh4 49. Qf6+ Kg8 50. Qd8+ Kg7 51. Qd3 hxg4 52. Bg2 Qe1+ 53. Qf1 Qxe5 54. Qf2 g3 55. Qd2 Qc5+ 56. Kh1 Qf5 57. Qc3+ e5 58. Qxg3 f6 59. b4 e4 60. a4 Qd5 61. Qc7+ Kg6 62. Qc2 Qd4 63. b5 f5 64. Qc6+ Kh5 65. b6 Kg4 66. b7 Qa1+ 67. Kh2 Qe5+ 68. Kg1 Kg3 69. Qc1 Qd4+ 70. Kf1 Qf2# 0-1

[Event "BCF-chT3S 1415 (4NCL)"]
[Site "England"]
[Date "2014.11.16"]
[Round "2.217"]
[White "Fowler, David W"]
[Black "Holton, Jake"]
[Result "1-0"]
[WhiteElo "1872"]
[BlackElo "1534"]
[PlyCount "75"]
[EventDate "2014.11.15"]
[EventType "team-swiss"]
[EventRounds "6"]
[EventCountry "ENG"]
[SourceTitle "CBM 163 Extra"]
[Source "ChessBase"]
[SourceDate "2014.12.23"]
[SourceVersion "1"]
[SourceVersionDate "2014.12.23"]
[SourceQuality "1"]
[WhiteTeam "BCM Rhinos II"]
[BlackTeam "Witney"]
[WhiteTeamCountry "ENG"]
[BlackTeamCountry "ENG"]

1. d4 d5 2. c4 c6 3. Nc3 Nf6 4. e3 a6 5. Qc2 g6 6. Nf3 Bf5 7. Bd3 Bxd3 8. Qxd3 Bg7 9. 0-0 0-0 10. Bd2 b5 11. b3 Nbd7 12. Rac1 Re8 13. cxd5 cxd5 14. Rfd1 Nb6 15. Ne5 Qd6 16. Ne2 Rec8 17. Ba5 Nfd7 18. Nxd7 Nxd7 19. Qd2 e6 20. Nf4 Bf8 21. Nd3 Kg7 22. Bb4 Qb6 23. Bxf8+ Kxf8 24. Qb4+ Kg7 25. Qe7 Rd8 26. h4 Ra7 27. Nf4 Nf8 28. Qg5 Rb8 29. Nh5+ Kg8 30. Nf6+ Kg7 31. Qe5 Qd8 32. Nd7+ f6 33. Qxb8 Qxd7 34. Rc5 Qe7 35. Rdc1 Kg8 36. Rc8 Rd7 37. Rxf8+ Qxf8 38. Rc8 1-0

[Event "BCF-chT3 1314 (4NCL)"]
[Site "England"]
[Date "2014.05.05"]
[Round "11.1"]
[White "Fowler, David W"]
[Black "Price, Andrew"]
[Result "0-1"]
[WhiteElo "1880"]
[BlackElo "1860"]
[PlyCount "104"]
[EventDate "2013.11.16"]
[EventType "team-swiss"]
[EventRounds "11"]
[EventCountry "ENG"]
[SourceTitle "EXT 2015"]
[Source "ChessBase"]
[SourceDate "2014.11.20"]
[SourceVersion "1"]
[SourceVersionDate "2014.11.20"]
[SourceQuality "1"]
[WhiteTeam "BCM Hippos III"]
[BlackTeam "Banbury Bulldogs"]
[WhiteTeamCountry "ENG"]
[BlackTeamCountry "ENG"]

1. e4 e6 2. d4 d5 3. Nc3 Nf6 4. Bg5 dxe4 5. Nxe4 Nbd7 6. Nf3 Be7 7. Ned2 c5 8. c3 0-0 9. Bd3 b6 10. 0-0 Bb7 11. Re1 cxd4 12. cxd4 Nd5 13. Bxe7 Qxe7 14. Nc4 Rac8 15. Ne3 N7f6 16. a3 Rfd8 17. Bb1 Qc7 18. Ne5 Nf4 19. Qa4 N6d5 20. Nxd5 Rxd5 21. Be4 Ra5 22. Qd1 f6 23. Bxb7 Qxb7 24. Nf3 Rg5 25. g3 Nh3+ 26. Kf1 Rf5 27. Re3 Qd5 28. Qb3 Qxb3 29. Rxb3 Rc2 30. Kg2 Nxf2 31. Rc3 Rxb2 32. Rc8+ Kf7 33. Nh4 Ne4+ 34. Kg1 Rfb5 35. Rac1 Ke7 36. R8c7+ Kd6 37. Ng2 Rb1 38. R7c6+ Kd5 39. Nf4+ Kxd4 40. R6c4+ Ke3 41. Ng2+ Kd3 42. Ne1+ Kd2 43. Nf3+ Ke3 44. Rxe4+ Kxf3 45. Rf4+ Ke3 46. Rxb1 Rxb1+ 47. Kg2 Rb2+ 48. Kh3 e5 49. Rc4 g5 50. Rc3+ Kd4 51. Rf3 e4 52. Rxf6 e3 0-1